Gene flow and mating system of shorea macroptera in peninsula Malaysia /
Saved in:
| 主要作者: | |
|---|---|
| 格式: | Thesis 图书 |
| 语言: | English |
| 出版: |
2014.
|
| 主题: | |
| 标签: |
添加标签
没有标签, 成为第一个标记此记录!
|
| LEADER | 01059cam a2200301 i 4500 | ||
|---|---|---|---|
| 001 | u993607 | ||
| 003 | SIRSI | ||
| 005 | 201404141525 | ||
| 008 | 140414s2014 my a m 000 0 eng | ||
| 040 | |a UMM |e rda | ||
| 043 | |a a-my--- | ||
| 090 | |a QK495 |b D564Khaaar | ||
| 100 | 0 | |a Khairul Azmi Abdul Rahman, |e author. | |
| 245 | 1 | 0 | |a Gene flow and mating system of shorea macroptera in peninsula Malaysia / |c Khairul Azmi Abdul Rahman. |
| 264 | 1 | |c 2014. | |
| 264 | 4 | |c 2014. | |
| 300 | |a v. 64 pages : |b illustrations ; |c 29 cm. | ||
| 336 | |a text |2 rdacontent | ||
| 337 | |a unmediated |2 rdamedia | ||
| 338 | |a volume |2 rdacarrier | ||
| 502 | |b M.Sc. |c The Graduate School of Life and Environmental Sciences, The University of Tsukuba, 2014. | ||
| 504 | |a Includes bibliographical references. | ||
| 650 | 0 | |a Shorea |x Genetics. | |
| 650 | 0 | |a Gene flow. | |
| 710 | 2 | |a Tsukuba Daigaku, |e degree granting institution. | |
| 596 | |a 1 | ||
| 900 | |a NSM | ||
| 999 | |a QK495 D564KHAAR 2014 |w LC |c 1 |i A515880534 |d 6/10/2017 |f 6/10/2017 |g 1 |l STACKS |m P01UTAMA |r Y |s Y |t TESIS |u 10/8/2017 |1 AHSS | ||
